000 00562nam a22001697a 4500
003 OSt
005 20250710103658.0
008 250628b |||||||| |||| 00| 0 eng d
040 _cAIMIT LIBRARY
100 _aVeronica, DSouza Reiona Rosario.
_9216492
245 _aStaff termination prediction using GenAI /
_cBy DSouza Reiona Rosario Veronica.
260 _aMangalore ;
_c2024.
700 _aN, Hemalatha.
_eMentor
_9216493
700 _aRai, Bhavya.
_eGuide
_9216494
856 _3MResult Technologies Private Limited.
_uhttps://mresult.com
942 _2ddc
_cPRO
999 _c234561
_d234561